ACOMPAÑAR EN LA ENFERMEDAD, EL DOLOR Y LA MUERTE (Registro nro. 58921)
[ vista simple ]
| 000 -LEADER | |
|---|---|
| fixed length control field | 00872nam a2200193 a 4500 |
| 001 - CONTROL NUMBER | |
| control field | 58921 |
| 005 - DATE AND TIME OF LATEST TRANSACTION | |
| control field | 20180714055708.0 |
| 008 - FIXED-LENGTH DATA ELEMENTS--GENERAL INFORMATION | |
| fixed length control field | 140415s2008 mx 000 0 spa d |
| 020 ## - INTERNATIONAL STANDARD BOOK NUMBER | |
| International Standard Book Number | 9789684373358 |
| 041 ## - LANGUAGE CODE | |
| Language code of text/sound track or separate title | spa |
| 082 ## - DEWEY DECIMAL CLASSIFICATION NUMBER | |
| Classification number | 155.937 |
| Item number | SAL |
| 100 1# - MAIN ENTRY--PERSONAL NAME | |
| Personal name | SALINAS DE LA MADRID, ALICIA |
| 245 10 - TITLE STATEMENT | |
| Title | ACOMPAÑAR EN LA ENFERMEDAD, EL DOLOR Y LA MUERTE |
| 250 ## - EDITION STATEMENT | |
| Edition statement | 1a ed. |
| 260 ## - PUBLICATION, DISTRIBUTION, ETC. | |
| Place of publication, distribution, etc. | MEXICO : |
| Name of publisher, distributor, etc. | PAULINAS, |
| Date of publication, distribution, etc. | 2008 |
| 300 ## - PHYSICAL DESCRIPTION | |
| Extent | 141 |
| Dimensions | 14 x 1.7 x 21.5 |
| 520 ## - SUMMARY, ETC. | |
| Summary, etc. | ESTE LIBRO NOS INVITA A REFLEXIONAR, REVISAR Y ACRECENTAR NUESTRA CALIDAD DE VIDA. PRETENDE LLEVARNOS POR UNA SENDA DE LA TANATOLOGIA (ESTUDIO DE LA MUERTE), QUE DE LUZ A NUESTRO ANDAR Y NOS AYUDE A SER CADA DIA UN POCO MAS CAPACES DE ACOMPAÑARNOS Y ACOMPAÑAR A LOS DEMAS EN LA ENFERMEDAD, EL DOLOR, LA MUERTE Y EL DUELO. |
| 650 14 - SUBJECT ADDED ENTRY--TOPICAL TERM | |
| Topical term or geographic name entry element | ENFERMOS |
| General subdivision | MUERTE (PSICOLOGIA) |
| -- | LUTO |
| -- | PSICOLOGIA |
| Withdrawn status | Lost status | Source of classification or shelving scheme | Damaged status | Not for loan | Collection code | Home library | Current library | Shelving location | Date acquired | Source of acquisition | Inventory number | Total Checkouts | Total Renewals | Full call number | Barcode | Date last seen | Date last checked out | Price effective from | Koha item type |
|---|---|---|---|---|---|---|---|---|---|---|---|---|---|---|---|---|---|---|---|
| Dewey Decimal Classification | General | Biblioteca Karol Wojtyla | Biblioteca Karol Wojtyla | Sala general | 03/12/2013 | Compra | 151000000000000000063845 | 5 | 1 | 155.937 SAL | 89188 | 05/01/2026 | 23/01/2020 | 04/09/2014 | Libro |